Normal view
MARC view
- Ramirez, Robertzon.
Entry Personal Name
001 - CONTROL NUMBER
- control field: 46887
003 - CONTROL NUMBER IDENTIFIER
- control field: OSt
005 - DATE AND TIME OF LATEST TRANSACTION
- control field: 20221124143922.0
008 - FIXED-LENGTH DATA ELEMENTS
- fixed length control field: 221124|| aca||aabn | a|a d
040 ## - CATALOGING SOURCE
- Original cataloging agency: OSt
- Transcribing agency: OSt
100 ## - HEADING--PERSONAL NAME
- Personal name: Ramirez, Robertzon.
670 ## - SOURCE DATA FOUND
- Source citation: Work cat.: (OSt): Ramirez, Robertzon., BOC collection fall short by P2 B due to Taal eruption /, February 5, 2020.
